Central Library OPAC University of Rajshahi

Quantum mechanics / (Record no. 69939)

MARC details
000 -LEADER
fixed length control field 01095nam a2200337 a 4500
001 - CONTROL NUMBER
control field 69939
003 - CONTROL NUMBER IDENTIFIER
rucl marc code BD-RjUL
005 - DATE AND TIME OF LATEST TRANSACTION
control field 20211209081940.0
008 - FIXED-LENGTH DATA ELEMENTS--GENERAL INFORMATION
fixed length control field 170415r19771973nyua b 001 0 eng d
020 ## - INTERNATIONAL STANDARD BOOK NUMBER
International Standard Book Number 047116433X (pbk)
International Standard Book Number 0471164348 (v. II)
International Standard Book Number 2705658343 (Herman)
035 ## - SYSTEM CONTROL NUMBER
System control number (BD-RjUL)70151
040 ## - CATALOGING SOURCE
Original cataloging agency LC
Language of cataloging eng
Transcribing agency LC
Modifying agency BD-RjUL
041 1# - LANGUAGE CODE
Language code of text/sound track or separate title eng
Language code of original fre
082 00 - DEWEY DECIMAL CLASSIFICATION NUMBER
Edition number 23
Classification number 530.12
Author mark and year COQ 1977
100 1# - MAIN ENTRY--PERSONAL NAME
Personal name Cohen-Tannoudji, Claude.
Dates associated with a name 1933-
9 (RLIN) 207148
245 10 - TITLE STATEMENT
Title Quantum mechanics /
Statement of responsibility, etc. Claude Cohen-Tannoudji, Bernard Diu [and] Franck Laloe.
260 ## - PUBLICATION, DISTRIBUTION, ETC. (IMPRINT)
Place of publication, distribution, etc. New York :
Name of publisher, distributor, etc. John Wiley & Sons,
Date of publication, distribution, etc. c1977.
300 ## - PHYSICAL DESCRIPTION
Pagination v. :
Illustrations ill. ;
Size 25 cm.
490 ## - SERIES STATEMENT
Series statement A Wiley-Interscience publication.
500 ## - GENERAL NOTE
General note Translation of Mecanique quantique.
504 ## - BIBLIOGRAPHY, ETC. NOTE
Bibliography, etc Includes bibliographies and index.
505 0# - FORMATTED CONTENTS NOTE
Formatted contents note Vol. 2--
650 #0 - SUBJECT ADDED ENTRY--TOPICAL TERM
Topical term or geographic name as entry element Quantum theory.
9 (RLIN) 207149
700 1# - ADDED ENTRY--PERSONAL NAME
Personal name Diu, Bernard. [joint author].
Personal name Laloe, Franck. [joint author].
830 ## - SERIES ADDED ENTRY--UNIFORM TITLE
Uniform title A Wiley-Interscience publication.
942 ## - ADDED ENTRY ELEMENTS (KOHA)
Source of classification or shelving scheme Dewey Decimal Classification
Koha item type Books
Holdings
Lost status Source of classification or shelving scheme Damaged status Not for loan Collection code Permanent Location Current Location Shelving location Date acquired Source of acquisition Cost, normal purchase price Total Checkouts Full call number Date last seen Copy number Koha item type
  Dewey Decimal Classification   Not For Loan Non-fiction Central Library, University of Rajshahi Central Library, University of Rajshahi Reading Room 12/07/1999 Chittagong, Syntex 78.95   530.12 COQ V-2 1977 15/04/2017 C-1 Books